000 00667nam a2200253Ia 4500
003 OSt
005 20221005044651.0
006 a|||||r|||| 00| 0
007 ta
008 221004b |||||||| |||| 00| 0 eng d
020 _a8185693218
024 _a20114
037 _cTextual
040 _aCRL
_cCRL
_beng
041 _2eng
_aeng
082 _aV44974:3(X).N9, N4
100 _aKhadka Narayan
_9311924
245 0 _aPolitics and developnment in Nepal
260 _aJaipur
_bNirala India
_c1994
300 _a478 p.
_ccm.
650 _aHISTORY
942 _hV44974:3(X).N9, N4
_cTEXL
_2cc
999 _c953759
_d953759